Vista normal
Vista MARC
Entrada Personal Name
Número de registros utilizados en: 5
001 - NÚMERO DE CONTROL
- campo de control: 3129
003 - IDENTIFICADOR DEL NÚMERO DE CONTROL
- campo de control: AR-BaFLA
005 - FECHA Y HORA DE LA ÚLTIMA TRANSACCIÓN
- campo de control: 20140912214436.0
008 - DATOS DE LONGITUD FIJA
- campo de control de longitud fija: 140912|| aca||aabn | a|a d
040 ## - FUENTE DE LA CATALOGACIÓN
- Centro catalogador/agencia de origen: AR-BaFLA
- Centro/agencia transcriptor: AR-BaFLA
100 ## - ENCABEZAMIENTO-NOMBRE DE PERSONA
- Nombre de persona: López, Emiliano
670 ## - FUENTE DE DATOS ENCONTRADOS
- Cita de la fuente: Work cat.: (AR-BaFLA): López, Emiliano, Sobre los orígenes del nuevo modo de desarrollo argentino, 2002 - 2011 : , 2013